| 000 | 00604nam a2200241Ia 4500 | ||
|---|---|---|---|
| 003 | OSt | ||
| 005 | 20220912151624.0 | ||
| 006 | a|||||r|||| 00| 0 | ||
| 007 | ta | ||
| 008 | 220909b |||||||| |||| 00| 0 eng d | ||
| 024 | _a52505 | ||
| 037 | _cTextual | ||
| 040 |
_aCSL _beng _cCSL |
||
| 041 | _aeng | ||
| 082 | _aJ:92, 113J0 | ||
| 100 | _aRauh Werner | ||
| 245 | 0 | _aMorphologie der nutzpflanzen | |
| 260 |
_aHeidelberg _bQuelle & Meyer _c1950 |
||
| 300 |
_a290p. _ccm. |
||
| 650 | _aAgriculture | ||
| 942 |
_hJ:92, 113J0 _cTEXL _2CC |
||
| 999 |
_c72706 _d72706 |
||